Psychology: (Record no. 6566)

MARC details
000 -LEADER
fixed length control field 00617nam a22002297a 4500
003 - CONTROL NUMBER IDENTIFIER
control field OSt
005 - DATE AND TIME OF LATEST TRANSACTION
control field 20200203152637.0
008 - FIXED-LENGTH DATA ELEMENTS--GENERAL INFORMATION
fixed length control field 150327b xxu||||| |||| 00| 0 eng d
020 ## - INTERNATIONAL STANDARD BOOK NUMBER
International Standard Book Number 9780618874071
020 ## - INTERNATIONAL STANDARD BOOK NUMBER
International Standard Book Number 0618874070
040 ## - CATALOGING SOURCE
Transcribing agency DDC
082 ## - DEWEY DECIMAL CLASSIFICATION NUMBER
Classification number 150 PSY2008
100 ## - MAIN ENTRY--PERSONAL NAME
Personal name Bernstein,Douglas.A;[et...al]
9 (RLIN) 3409
245 ## - TITLE STATEMENT
Title Psychology:
250 ## - EDITION STATEMENT
Edition statement 8th ed
260 ## - PUBLICATION, DISTRIBUTION, ETC. (IMPRINT)
Place of publication, distribution, etc. Boston;
Name of publisher, distributor, etc. Houghton Mifflin Company
Date of publication, distribution, etc. 2008
300 ## - PHYSICAL DESCRIPTION
Extent xx,760p;
Other physical details col.ill
Dimensions 28cm
504 ## - BIBLIOGRAPHY, ETC. NOTE
Bibliography, etc references credits and index are includeded.
650 ## - SUBJECT ADDED ENTRY--TOPICAL TERM
Topical term or geographic name as entry element Psychology
9 (RLIN) 31
700 ## - ADDED ENTRY--PERSONAL NAME
Personal name Johnson, Robert L.
9 (RLIN) 3410
942 ## - ADDED ENTRY ELEMENTS (KOHA)
Source of classification or shelving scheme Dewey Decimal Classification
Koha item type Open Shelf
Holdings
Withdrawn status Lost status Source of classification or shelving scheme Damaged status Not for loan Home library Current library Date acquired Source of acquisition Inventory number Total Checkouts Full call number Barcode Date last seen Price effective from Koha item type
    Dewey Decimal Classification     MUST Main Library MUST Main Library 03/02/2020 Purchase 08/30811   150 PSY2008 2020-0300 03/02/2020 03/02/2020 Open Shelf